Bài giảng về bệnh Cá - Tôm = Lecture on fish and shrimp diseases
Sách là bài giảng về những bệnh thường gặp ở Cá - Tôm.
Đã lưu trong:
| Tác giả của công ty: | |
|---|---|
| Định dạng: | Sách |
| Ngôn ngữ: | Undetermined |
| Được phát hành: |
Việt Nam
Bộ Thủy sản
1991
|
| Những chủ đề: | |
| Các nhãn: |
Thêm thẻ
Không có thẻ, Là người đầu tiên thẻ bản ghi này!
|
| Thư viện lưu trữ: | Trung tâm Học liệu Trường Đại học Cần Thơ |
|---|
| LEADER | 00682nam a2200217Ia 4500 | ||
|---|---|---|---|
| 001 | CTU_161201 | ||
| 008 | 210402s9999 xx 000 0 und d | ||
| 082 | |a 639.9607 | ||
| 082 | |b B103 | ||
| 110 | |a Bộ Thủy sản | ||
| 245 | 0 | |a Bài giảng về bệnh Cá - Tôm = | |
| 245 | 0 | |b Lecture on fish and shrimp diseases | |
| 245 | 0 | |c Bộ Thủy sản | |
| 260 | |a Việt Nam | ||
| 260 | |b Bộ Thủy sản | ||
| 260 | |c 1991 | ||
| 520 | |a Sách là bài giảng về những bệnh thường gặp ở Cá - Tôm. | ||
| 650 | |a Fishes | ||
| 650 | |x Pathogens | ||
| 904 | |i Giang | ||
| 980 | |a Trung tâm Học liệu Trường Đại học Cần Thơ | ||